| 000 | 005910000a22001810004500 | ||
|---|---|---|---|
| 090 |
_aAR _b00753 |
||
| 245 | 1 | 0 | _aForest diversity in the interfluvial zone of the río Negro and río Orinoco in Southwestern Venezuela |
| 650 | 1 | 4 |
_aBosques _992270 |
| 650 | 1 | 4 |
_aComposición florística _93868 |
| 650 | 1 | 4 |
_aBiología _992 |
| 651 | 4 |
_lRío Orinoco _pVenezuela _992749 |
|
| 651 | 4 |
_lRío Negro _pVenezuela _992749 |
|
| 653 |
_fVochysiaceae _gErisma _eErisma japura _vJabua |
||
| 041 | 0 | _aInglés | |
| 100 | 1 |
_aAymard C., Gerardo A. _993555 |
|
| 942 | _cARTICULO | ||
| 773 | 1 |
_tPreprint _33 _q1-34 _d1997 |
|
| 999 |
_c9844 _d9844 |
||